| 000 | 00498nam a2200169 i 4500 | ||
|---|---|---|---|
| 001 | 137988 | ||
| 003 | ES-MaACL | ||
| 005 | 20230906195500.0 | ||
| 007 | t| | ||
| 008 | 070214s1960 sp |||| |dspa d | ||
| 100 | 1 |
_aSánchez Gimeno, Carlos. _9102674 |
|
| 245 | 1 | 0 |
_aGabriel Miró y su obra / _cpor Carlos Sánchez Gimeno. |
| 260 |
_aValencia : _bCastalia, _c1960. |
||
| 300 |
_a214 p. ; _c21 cm. |
||
| 600 | 1 | 4 |
_aMiró, Gabriel- _xCrítica e interpretación. _981603 |
| 852 |
_aES-MaACL _jC-18186 |
||
| 999 |
_c137988 _d137988 |
||